=LDR 00000nam 2200000 4500 =001 NUTBA000000000005793 =005 20141111081758.0 =006 =007 =008 =020 ##$$a 978.979.665.897-6 =035 ##$$a 0010-111400000000272 =040 ##$$a NBPDMAT =082 ##$$a 612 =090 ##$$a 612 Yan m =100 ##$$a Yana Sutisna =245 ##$$a Mengenal tubuh kita$cYana Sutisna; penyunting Wahyu Prasetiyo =260 ##$$a Bandung$bAngkasa$c2009 =300 ##$$a vi, 56 hlm$bilus$c24 cm =500 ##$$a Bibliografi hlm : 50 =650 ##$$a Tubuh Manusia =700 ##$$a Wahyu Prasetiyo =850 ##$$a NBPDMAT